[Event "Czech Open A 2013"]
[Site "Pardubice CZE"]
[Date "2013.07.20"]
[Round "2.42"]
[White "Vokac,M"]
[Black "Pechac,Jergus"]
[Result "1-0"]
[WhiteElo "2450"]
[BlackElo "2182"]
[EventDate "2013.07.19"]

1. g3 d5 2. Bg2 Nf6 3. Nf3 Bf5 4. O-O e6 5. c4 c6 6. d3 Bd6 7. Nc3 O-O 8. Nh4
Bg4 9. h3 Bh5 10. cxd5 exd5 11. Nf5 Bc7 12. Qb3 b6 13. e4 Bg6 14. Nh4 dxe4 15.
dxe4 Nbd7 16. Be3 Qe7 17. Nxg6 hxg6 18. Rad1 Rfe8 19. Rfe1 Nc5 20. Qc4 Rad8 21.
b4 Qe6 22. Qxe6 Nxe6 23. f4 Rxd1 24. Rxd1 Rd8 25. Rxd8+ Nxd8 26. e5 Nd7 27. h4
Kf8 28. a4 c5 29. b5 Ne6 30. Bc6 Ke7 31. Kf2 Nb8 32. Be4 a6 33. Nd5+ Kd7 34. g4
Bd8 35. h5 gxh5 36. gxh5 axb5 37. axb5 Ke8 38. f5 Nf8 39. Bf4 Nbd7 40. Ke3 Bh4
41. Bd3 Bd8 42. Kf3 Bh4 43. Ne3 Be1 44. Nc4 Bc3 45. Ke4 Kd8 46. Kd5 Ke8 47. Kd6
Bb4 48. Be4 1-0

[Event "Czech Open A 2013"]
[Site "Pardubice CZE"]
[Date "2013.07.20"]
[Round "2.43"]
[White "Majer Sen,J"]
[Black "Plat,V"]
[Result "0-1"]
[WhiteElo "2024"]
[BlackElo "2447"]
[EventDate "2013.07.19"]

1. d4 Nf6 2. Nf3 e6 3. c4 c5 4. g3 cxd4 5. Nxd4 Nc6 6. Bg2 Bc5 7. Nb3 Bb4+ 8.
Bd2 Be7 9. O-O O-O 10. Nc3 d6 11. Nc1 d5 12. cxd5 exd5 13. e3 Ne5 14. N1e2 Bg4
15. f3 Be6 16. b3 Qd7 17. Nd4 Bh3 18. Nce2 Bxg2 19. Kxg2 Rac8 20. Bc3 Rfe8 21.
Qd2 Bf8 22. Rae1 h5 23. h4 g6 24. Nf4 Bg7 25. Bb2 Qe7 26. Nd3 Nxd3 27. Qxd3 Nd7
28. Qb1 Nc5 29. Rf2 f5 30. Rfe2 a6 31. Qd1 b5 32. Ba3 Qf7 33. Qd2 Nd7 34. Bd6
Ne5 35. Rc1 Qd7 36. Ba3 Rxc1 37. Qxc1 Kh7 38. Rc2 Nd3 39. Rc7 Nxc1 40. Rxd7 Nxa2
41. Be7 Kg8 42. Kf2 Nc1 43. Ne6 Bf6 44. Bxf6 Rxe6 45. Bg5 Rc6 46. e4 dxe4 47.
fxe4 fxe4 48. Ke3 Nxb3 49. Rd8+ Kf7 50. Kxe4 Rc4+ 51. Ke5 Nc5 52. Ra8 Nd7+ 53.
Kd6 Rd4+ 54. Kc7 Nf8 55. Kc6 Nd7 56. Bf4 b4 57. Rxa6 Rxf4 58. Kxd7 Rf3 0-1

[Event "Czech Open A 2013"]
[Site "Pardubice CZE"]
[Date "2013.07.20"]
[Round "2.44"]
[White "Kononenko,Dmitry1"]
[Black "Tennert,Simon"]
[Result "1-0"]
[WhiteElo "2610"]
[BlackElo "2147"]
[EventDate "2013.07.19"]

1. e4 e5 2. Nf3 Nc6 3. Bb5 Nf6 4. d3 Bc5 5. c3 d6 6. d4 exd4 7. cxd4 Bb4+ 8. Kf1
d5 9. e5 Ne4 10. Qa4 Be7 11. Bxc6+ bxc6 12. Qxc6+ Kf8 13. Nc3 Nxc3 14. Qxc3 Rb8
15. Be3 Rb6 16. Rc1 c6 17. Qc2 Bg4 18. Nd2 Qc8 19. Ra1 Bf5 20. Qc1 Qa6+ 21. Kg1
h6 22. h3 Kg8 23. Nb3 Qb5 24. Bd2 Kh7 25. Kh2 Rhb8 26. Ba5 R6b7 27. Re1 Bg5 28.
Bd2 Be7 29. Bc3 Bg5 30. Qd1 Re8 31. Nc5 Rbb8 32. Qf3 Bg6 33. a4 Qc4 34. b3 Rxb3
35. Nxb3 Qxb3 36. Qg3 Bd8 37. Bd2 Qb7 38. Qc3 Bc7 39. Rac1 Rc8 40. Kg1 Bb8 41.
Qa3 Qd7 42. Bb4 Bc7 43. a5 Bd8 44. Bd6 Bh4 45. Rc5 Be4 46. Qe3 Qf5 47. Rd1 Qg6
48. f3 Bf5 49. g4 h5 50. Kf1 Bc2 51. Rd2 Ba4 52. Kg2 Bb5 53. Rc1 Re8 54. Bc5 f5
55. Kh1 Kg8 56. gxh5 Qxh5 57. f4 Re6 58. Bxa7 g5 59. Rg1 g4 60. hxg4 fxg4 61.
Rh2 Rh6 62. Qh3 g3 63. Rxg3+ Bxg3 64. Qxh5 Rxh5 65. Rxh5 Bxf4 66. Rf5 Bd2 67. e6 1-0

[Event "Czech Open A 2013"]
[Site "Pardubice CZE"]
[Date "2013.07.20"]
[Round "2.61"]
[White "Lokander,M"]
[Black "Kuipers,S"]
[Result "0-1"]
[WhiteElo "2238"]
[BlackElo "2432"]
[EventDate "2013.07.19"]

1. d4 d5 2. c4 c6 3. Nc3 Nf6 4. e3 e6 5. Nf3 Nbd7 6. Qc2 b6 7. cxd5 exd5 8. Bd3
Be7 9. e4 dxe4 10. Nxe4 Bb7 11. O-O O-O 12. Ne5 c5 13. Ng5 g6 14. Nexf7 Rxf7 15.
Bc4 Bd5 16. Bxd5 Nxd5 17. Nxf7 Kxf7 18. Qb3 Nf6 19. dxc5 bxc5 20. Bg5 Rb8 21.
Qa4 Qd7 22. Qxd7 Nxd7 23. Rad1 N7b6 24. f4 Ne3 25. Rde1 Bxg5 26. Rxe3 Bf6 27.
Rh3 Kg7 28. Rb3 Re8 29. Rc1 Bd4+ 30. Kf1 Nd5 31. Rb7+ Kh6 32. g3 Ne3+ 33. Ke2
Nc4+ 34. Kf3 Nxb2 35. g4 Re3+ 36. Kg2 Nd3 37. Rf1 g5 38. fxg5+ Kxg5 39. Rxa7
Re2+ 40. Kg3 Re3+ 41. Kg2 c4 42. Rxh7 c3 43. Rc7 Ne1+ 44. Kh1 c2 45. Rf2 Bc3 46.
Rc5+ Kxg4 47. Rc4+ Kg5 48. Rc5+ Be5 49. Rcxc2 Nxc2 50. Rxc2 Rh3 51. Re2 Bf4 52.
Kg2 Kg4 53. Kf1 Bxh2 54. Ke1 Bf4 55. Kd1 Ra3 56. Kc2 Rxa2+ 57. Kd3 Ra7 58. Kd4
Kf5 59. Kd5 Rd7+ 60. Kc6 Rd6+ 61. Kc5 Be5 62. Rc2 Rd8 63. Rc4 Ke6 64. Kc6 Rb8
65. Kc5 Bd6+ 66. Kc6 Ke5 67. Rh4 Rc8+ 68. Kb7 Rc3 69. Rh5+ Kd4 70. Kb6 Be5 71.
Rh4+ Kd5 72. Kb5 Rc8 73. Rh6 Rb8+ 74. Rb6 Rf8 75. Rh6 Rg8 76. Rh5 Rb8+ 77. Ka5
Rb1 78. Rg5 Kd4 79. Rg8 Bc7+ 80. Ka4 Kc3 81. Rg6 Ra1+ 0-1

[Event "Czech Open A 2013"]
[Site "Pardubice CZE"]
[Date "2013.07.21"]
[Round "3.1"]
[White "Fernando,D"]
[Black "Laznicka,V"]
[Result "0-1"]
[WhiteElo "2465"]
[BlackElo "2684"]
[EventDate "2013.07.19"]

1. e4 c5 2. Nf3 d6 3. d4 cxd4 4. Nxd4 Nf6 5. Nc3 a6 6. f4 e5 7. Nf3 Qc7 8. a4
Be7 9. Bd3 O-O 10. O-O h6 11. Kh1 Re8 12. Be3 Nc6 13. Qd2 Bf8 14. fxe5 dxe5 15.
Nh4 Qd8 16. Nf5 Nd4 17. a5 Nxf5 18. exf5 e4 19. Be2 Qxd2 20. Bxd2 e3 21. Be1 Bd7
22. Na4 Rad8 23. c4 Ne4 24. Nb6 Bc6 25. Nd5 Bxd5 26. cxd5 Rxd5 27. g4 Nd2 28.
Rf4 Rc8 29. Rd1 Rc2 30. b4 Bd6 0-1

[Event "Czech Open A 2013"]
[Site "Pardubice CZE"]
[Date "2013.07.21"]
[Round "3.2"]
[White "Michalik,P"]
[Black "Smith,Bry"]
[Result "1-0"]
[WhiteElo "2579"]
[BlackElo "2456"]
[EventDate "2013.07.19"]

1. d4 Nf6 2. c4 g6 3. Nc3 Bg7 4. e4 d6 5. Bd3 O-O 6. Nge2 Nc6 7. O-O Nh5 8. Bc2
e5 9. d5 Ne7 10. a4 f5 11. exf5 gxf5 12. Bg5 h6 13. Bh4 Qd7 14. f3 Ng6 15. Bf2
Qe7 16. Kh1 c5 17. a5 e4 18. Ng3 Nxg3+ 19. Bxg3 e3 20. Qd3 Bd4 21. f4 Bd7 22.
Rae1 Rae8 23. Ne2 Bg7 24. Rf3 Qd8 25. Ra1 Rf7 26. Be1 Bc8 27. Bc3 Qh4 28. Raf1
Bxc3 29. Qxc3 Kh7 30. Rxe3 Rxe3 31. Qxe3 Re7 32. Qd2 Qf6 33. Bd3 Re8 34. g3 h5
35. Ng1 h4 36. Nf3 Kg7 37. Kg2 Bd7 38. Kf2 hxg3+ 39. hxg3 Nh8 40. b4 b6 41. Rb1
Re7 42. bxc5 bxc5 43. Qb2 Nf7 44. Qxf6+ Kxf6 45. Rb7 Bc8 46. Rb8 Bd7 47. Ra8 Be8
48. Be2 Ba4 49. Nh4 Bc2 50. Rg8 Rb7 51. Ke3 Be4 52. Bh5 Rb3+ 53. Kd2 Ne5 54.
fxe5+ Kxe5 55. Ke2 Rb2+ 56. Ke3 Rb3+ 57. Kf2 Rb2+ 58. Be2 Bd3 59. Nf3+ Kf6 60.
Re8 Bxc4 61. Re6+ Kg7 62. Nh4 Bd3 63. Kf3 Be4+ 64. Ke3 Rb3+ 65. Kf4 c4 66. Nxf5+
Bxf5 67. Kxf5 c3 68. Rxd6 Rb2 69. Rd7+ 1-0

[Event "Czech Open A 2013"]
[Site "Pardubice CZE"]
[Date "2013.07.21"]
[Round "3.3"]
[White "Lalith,B"]
[Black "Vokac,M"]
[Result "1-0"]
[WhiteElo "2571"]
[BlackElo "2450"]
[EventDate "2013.07.19"]

1. d4 c5 2. d5 e5 3. e4 d6 4. Nc3 Be7 5. Nf3 h6 6. Bb5+ Kf8 7. Be2 Bg5 8. Nd2
Nf6 9. a4 Nbd7 10. h4 Bxd2+ 11. Bxd2 g6 12. Be3 Kg7 13. g3 Qe7 14. Qd3 a6 15.
Rb1 b5 16. axb5 axb5 17. Nxb5 Ba6 18. c4 Bxb5 19. cxb5 Ra4 20. f3 Nh5 21. Kf2
Rb4 22. Qc2 f5 23. exf5 Ndf6 24. g4 Nf4 25. g5 N6xd5 26. f6+ Nxf6 27. gxf6+ Qxf6
28. Ra1 Rf8 29. Bxf4 Rxf4 30. Ra7+ Rf7 31. Rxf7+ Qxf7 32. h5 g5 33. Qg6+ Qxg6
34. hxg6 Rb4 35. Rd1 Rxb2 36. Rxd6 c4 37. Rc6 Rxb5 38. Bxc4 Rb7 39. Bd3 Re7 40.
Bf5 h5 41. Ke3 g4 42. fxg4 hxg4 43. Bxg4 Kh6 44. Bf5 Kg5 45. Ke4 Kh6 46. Rc5 1-0

[Event "Czech Open A 2013"]
[Site "Pardubice CZE"]
[Date "2013.07.21"]
[Round "3.5"]
[White "Stefansson,H"]
[Black "Talla,V"]
[Result "1/2-1/2"]
[WhiteElo "2522"]
[BlackElo "2394"]
[EventDate "2013.07.19"]

1. d4 d5 2. c4 e6 3. Nc3 Be7 4. Qc2 Nf6 5. cxd5 Nxd5 6. Nf3 O-O 7. Bd2 Na6 8. e3
Ndb4 9. Qb1 c5 10. a3 Nc6 11. dxc5 Nxc5 12. b4 Nd7 13. Be2 b6 14. O-O Bb7 15.
Rd1 Rc8 16. Be1 Qe8 17. Qb3 Nde5 18. Nb5 a6 19. Nxe5 Nxe5 20. Nd6 Bxd6 21. Rxd6
Qe7 22. Rd4 Bd5 23. Rxd5 exd5 24. Bxa6 Ra8 25. Bb5 Rfd8 26. Bc3 d4 27. Bxd4 Nf3+
28. gxf3 Qg5+ 29. Kh1 Qxb5 30. Rg1 g6 31. Qb2 Qf5 32. Kg2 Qg5+ 33. Kh1 Qf5 34.
Kg2 Qg5+ 35. Kh1 1/2-1/2

[Event "Czech Open A 2013"]
[Site "Pardubice CZE"]
[Date "2013.07.21"]
[Round "3.6"]
[White "Matsenko,S"]
[Black "Stukopin,A"]
[Result "1/2-1/2"]
[WhiteElo "2458"]
[BlackElo "2517"]
[EventDate "2013.07.19"]

1. e4 c5 2. Nf3 Nc6 3. d4 cxd4 4. Nxd4 Nf6 5. Nc3 d6 6. Bg5 e6 7. Qd2 a6 8.
O-O-O h6 9. Nxc6 bxc6 10. Bf4 d5 11. Qe3 Bb4 12. a3 Ba5 13. exd5 cxd5 14. Be2
O-O 15. Qg3 Kh8 16. Be5 Ne8 17. Bd3 Bc7 18. f4 Nf6 19. Rhf1 Bxe5 20. fxe5 Nd7
21. h4 Nc5 22. Rf4 Rb8 23. Rdf1 Qc7 24. Bg6 f6 25. exf6 gxf6 26. Qe3 Qb6 27. Kd1
Na4 1/2-1/2

[Event "Czech Open A 2013"]
[Site "Pardubice CZE"]
[Date "2013.07.21"]
[Round "3.7"]
[White "Chernyshov,K"]
[Black "Yagupov,I"]
[Result "1/2-1/2"]
[WhiteElo "2514"]
[BlackElo "2389"]
[EventDate "2013.07.19"]

1. Nc3 c5 2. Nf3 e6 3. d4 cxd4 4. Nxd4 a6 5. g3 Qc7 6. Bg2 Nf6 7. O-O Nc6 8. a4
d5 9. Nb3 Be7 10. e4 dxe4 11. a5 Nb4 12. Be3 Nbd5 13. Bd4 Nxc3 14. Bxc3 e5 15.
Nd2 Bf5 16. Qe2 O-O 17. Nxe4 Bxe4 18. Bxe4 Nxe4 19. Qxe4 f6 20. Rad1 Rfd8 21.
Kg2 Qc6 22. f3 Rxd1 23. Rxd1 Qxe4 24. fxe4 Rd8 25. Rd5 Kf7 26. Bd2 Rc8 27. c3
Ke6 28. b3 h5 29. c4 g5 30. Be3 g4 31. Bb6 Bd6 32. Kf1 Rh8 33. Bf2 Rf8 34. Be1
Rf7 35. Ke2 f5 36. exf5+ Rxf5 37. Rd3 Bc5 38. Rd8 Rf8 39. Rxf8 Bxf8 40. Kd3 Bc5
41. Ke4 Bg1 42. b4 Bxh2 43. Bf2 h4 44. gxh4 g3 45. Be3 g2 46. h5 Bf4 47. Bb6 Bd2
48. Kf3 Bxb4 49. Kxg2 Bd2 50. Kf3 Kf5 51. Ke2 Bg5 52. Kd3 e4+ 53. Ke2 Kg4 54.
Kf2 Kxh5 55. Kg3 Bd2 56. Bd8 Bh6 57. Bb6 Bc1 58. Bd8 Bd2 59. Be7 Kg6 60. Kg4 Kf7
61. Bc5 Ke6 62. Bd4 Kd6 63. Kg3 Kc6 64. Bb6 Kd6 65. Bd4 Ke6 66. Kg4 Bxa5 67. Kf4
Bd8 68. Kxe4 a5 69. Kd3 Be7 70. Kc3 a4 71. Bf2 Ke5 72. Bg3+ Ke4 73. Bf2 Bf8 74.
Bg1 Ba3 75. Bb6 Bc1 76. Bc5 Be3 77. Be7 b6 78. Bd8 Bc5 79. Bxb6 Bxb6 80. Kb4
Bc5+ 81. Kxa4 Kd3 82. Kb5 Kd4 83. Kc6 Kxc4 1/2-1/2

[Event "Czech Open A 2013"]
[Site "Pardubice CZE"]
[Date "2013.07.21"]
[Round "3.8"]
[White "Gavrilov,Al1"]
[Black "Shyam,SM"]
[Result "1/2-1/2"]
[WhiteElo "2452"]
[BlackElo "2505"]
[EventDate "2013.07.19"]

1. d4 Nf6 2. c4 g6 3. Nc3 d5 4. cxd5 Nxd5 5. e4 Nxc3 6. bxc3 Bg7 7. Qa4+ Nd7 8.
Nf3 O-O 9. Bg5 c5 10. Rc1 a6 11. Qa3 b6 12. Bd3 h6 13. Be3 Bb7 14. O-O e6 15. h3
Qc7 16. Qb2 c4 17. Bc2 f5 18. Rb1 Rab8 19. Rfe1 f4 20. Bd2 e5 21. a4 Kh7 22. Qb4
Rbe8 23. Bc1 Rf7 24. Ba3 Bf8 25. Qb2 Bxa3 26. Qxa3 a5 27. Rbd1 Rfe7 28. Nxe5
Nxe5 29. dxe5 Qxe5 30. f3 Qg5 31. Qd6 Bc8 32. Qxb6 Bxh3 33. Re2 Be6 34. Red2 h5
35. Qf2 h4 36. Rb1 Bg8 37. Rb5 Re5 38. Rd7+ Kh6 39. Rdb7 h3 40. Kh2 hxg2 41.
Qxg2 Qh4+ 42. Qh3 Qxh3+ 43. Kxh3 Be6+ 44. Kg2 Rg5+ 45. Kf2 Rd8 46. Rxg5 Kxg5 47.
Ke2 Rh8 48. Rb5+ Kh4 49. Rxa5 g5 50. Re5 Bh3 51. Kf2 Rb8 52. Rb5 Rd8 53. Rd5 Rb8
54. Rb5 Rd8 1/2-1/2

[Event "Czech Open A 2013"]
[Site "Pardubice CZE"]
[Date "2013.07.21"]
[Round "3.10"]
[White "Galego,L"]
[Black "Vyskocil,N"]
[Result "1-0"]
[WhiteElo "2488"]
[BlackElo "2374"]
[EventDate "2013.07.19"]

1. e4 c5 2. Nf3 d6 3. g3 Nc6 4. Bg2 Nf6 5. d3 g6 6. O-O Bg7 7. h3 O-O 8. c3 Rb8
9. Re1 b5 10. d4 cxd4 11. cxd4 d5 12. e5 Ne4 13. Nbd2 Nxd2 14. Bxd2 Qb6 15. Be3
Na5 16. b3 b4 17. Qd2 Bd7 18. Bg5 Rfe8 19. Rac1 Rbc8 20. Rxc8 Bxc8 21. Rc1 Bd7
22. Ne1 e6 23. Nd3 Nc6 24. Nc5 Nb8 25. Nxd7 Nxd7 26. Be3 Bf8 27. Qc2 Rb8 28. Qc7
Qb7 29. Bf1 Kg7 30. h4 h6 31. Rc6 a5 32. Qxb7 Rxb7 33. Ra6 Nb8 34. Rxa5 Rc7 35.
Ra8 Nc6 36. Bb5 Ne7 37. g4 Nc8 38. Ba6 Ne7 39. Kf1 Nc6 40. Bb5 Na7 41. Bd3 Be7
42. g5 hxg5 43. hxg5 Nc6 44. Bb5 Na7 45. Ba4 Nc8 46. Rb8 Bf8 47. Bd2 Rc2 48. Ke1
Ne7 49. Bxb4 1-0

[Event "Czech Open A 2013"]
[Site "Pardubice CZE"]
[Date "2013.07.21"]
[Round "3.11"]
[White "Dourerassou,J"]
[Black "Sergeyev,A"]
[Result "1-0"]
[WhiteElo "2476"]
[BlackElo "2368"]
[EventDate "2013.07.19"]

1. e4 e5 2. Nf3 Nc6 3. Bb5 Nf6 4. Qe2 Bd6 5. c3 O-O 6. d3 Re8 7. Bg5 Bf8 8. Nbd2
d6 9. O-O h6 10. Bh4 Bd7 11. Rfe1 Ne7 12. d4 g5 13. Bg3 Ng6 14. dxe5 dxe5 15.
Rad1 c6 16. Bc4 b5 17. Bb3 Qb6 18. Nf1 Nf4 19. Bxf4 exf4 20. e5 Rad8 21. Qc2 Nd5
22. Nd4 Bg4 23. e6 Bxe6 24. Nxe6 Rxe6 25. Rxe6 fxe6 26. Qg6+ Bg7 27. Qxe6+ Kh8
28. Re1 Nf6 29. Qf5 Qc7 30. Qg6 Qd7 31. h3 Re8 32. Rd1 Qe7 33. Nh2 Qe4 34. Bc2
Qxg6 35. Bxg6 Re2 36. Rd8+ Bf8 37. Bd3 Re1+ 38. Bf1 Re8 39. Rd1 a5 40. Nf3 Bc5
41. Bd3 Kg7 42. Kf1 Kf7 43. Bf5 Re7 44. Rd8 Ne8 45. Rc8 Rc7 46. Ra8 Nd6 47. Bd3
Nc8 48. Rxa5 Ke6 49. Ra6 Kd5 50. Ra8 Be7 51. Ke2 h5 52. Ra5 Nb6 53. Nd2 Na4 54.
c4+ Kc5 55. cxb5 Nxb2 56. Nb3+ Kb4 57. b6 Rc8 58. Re5 Bf6 59. Re6 Bc3 60. Ba6
Rb8 61. b7 g4 62. hxg4 hxg4 63. Re4+ Ka3 64. Nc5 Rd8 65. Bd3 f3+ 66. gxf3 gxf3+
67. Ke3 Bb4 68. Rxb4 Kxb4 69. Na6+ Kc3 70. Bf5 Nc4+ 71. Kf4 1-0

[Event "Czech Open A 2013"]
[Site "Pardubice CZE"]
[Date "2013.07.21"]
[Round "3.13"]
[White "Pagerka,M"]
[Black "Simantsev,M"]
[Result "1/2-1/2"]
[WhiteElo "2213"]
[BlackElo "2473"]
[EventDate "2013.07.19"]

1. e4 c5 2. Nf3 e6 3. d4 cxd4 4. Nxd4 a6 5. Bd3 Bc5 6. Nb3 Be7 7. O-O d6 8. a4
Nd7 9. a5 Ngf6 10. f4 O-O 11. Nc3 b5 12. axb6 Qxb6+ 13. Kh1 a5 14. Qe2 Bb7 15.
Be3 Qc7 16. Nb5 Qd8 17. Ba7 Bc6 18. Rxa5 Nc5 19. Bxc5 Rxa5 20. Nxa5 Bxb5 21. Bb4
Bxd3 22. cxd3 Qb6 23. Bc3 d5 24. e5 Nd7 25. d4 Rc8 26. Qd2 Qb5 27. Ra1 Bd8 28.
b4 Ra8 29. Kg1 Nb6 30. Kf2 Nc4 31. Nxc4 Rxa1 32. Bxa1 dxc4 33. Bc3 g6 34. Qc2
Kg7 35. Qd2 Bh4+ 36. Ke3 Be7 37. Qc2 h5 38. Qd1 Qb7 39. Qd2 Qb5 40. Qe2 Qd5 41.
Qf3 Qb5 42. Qd1 Qb7 43. Qc2 h4 44. Qe4 Qb6 45. Qb1 Qb7 46. Qf1 Bxb4 47. Qxc4
Bxc3 48. Qxc3 Qxg2 49. Qd2 Qh3+ 50. Ke4 g5 51. fxg5 Qf5+ 52. Ke3 Qxg5+ 53. Kd3
Qf5+ 54. Ke3 Qh3+ 55. Ke4 Kg6 56. Qf4 Qg2+ 57. Kd3 Qg5 58. Ke4 Qg2+ 59. Kd3 Qg5
60. Ke4 Qg2+ 1/2-1/2

[Event "Czech Open A 2013"]
[Site "Pardubice CZE"]
[Date "2013.07.21"]
[Round "3.14"]
[White "Nisipeanu,LD"]
[Black "Krensing,J"]
[Result "1-0"]
[WhiteElo "2670"]
[BlackElo "2325"]
[EventDate "2013.07.19"]

1. d4 Nf6 2. c4 e6 3. Nc3 Bb4 4. e3 O-O 5. Bd3 d5 6. Nf3 c5 7. O-O cxd4 8. exd4
dxc4 9. Bxc4 b6 10. Qb3 Bxc3 11. bxc3 Bb7 12. Ba3 Re8 13. Bb5 Bc6 14. Be2 Nbd7
15. c4 Qc7 16. Rac1 e5 17. d5 Bb7 18. Nd2 Nc5 19. Qe3 Rac8 20. Rfe1 Ba6 21. h3
Qd7 22. Bd1 h6 23. Bc2 Nb7 24. Bb2 Bxc4 25. Nxc4 Rxc4 26. Bh7+ Nxh7 27. Rxc4
Qxd5 28. Rc7 Nc5 29. Qg3 Ne6 30. Rxe5 Qd1+ 31. Kh2 Nxc7 32. Re1 1-0

[Event "Czech Open A 2013"]
[Site "Pardubice CZE"]
[Date "2013.07.21"]
[Round "3.15"]
[White "Rzayev,B"]
[Black "Kononenko,Dmitry1"]
[Result "0-1"]
[WhiteElo "2429"]
[BlackElo "2610"]
[EventDate "2013.07.19"]

1. e4 c5 2. Nf3 Nc6 3. Bb5 e6 4. O-O Nge7 5. Re1 a6 6. Bf1 d5 7. exd5 Qxd5 8.
Nc3 Qd8 9. b3 Nf5 10. Bd3 Nfd4 11. Ba3 Be7 12. Ne4 b6 13. Nxd4 Nxd4 14. Rb1 O-O
15. b4 Nb5 16. Bb2 cxb4 17. Re3 f5 18. Qh5 g6 19. Rg3 Nd4 20. Rxg6+ hxg6 21.
Qxg6+ Kh8 22. Re1 Ra7 23. Qh6+ Kg8 24. Qg6+ Kh8 25. Re3 Bh4 26. Rh3 Rg7 27. Qh6+
Kg8 28. Rxh4 Qxh4 29. Qxh4 Nf3+ 0-1

[Event "Czech Open A 2013"]
[Site "Pardubice CZE"]
[Date "2013.07.21"]
[Round "3.16"]
[White "Schlosser,P"]
[Black "Plischki,S"]
[Result "1-0"]
[WhiteElo "2602"]
[BlackElo "2413"]
[EventDate "2013.07.19"]

1. c4 c5 2. Nf3 Nc6 3. d4 cxd4 4. Nxd4 e6 5. g3 Qb6 6. Nb5 Ne5 7. Bg2 Nxc4 8.
Qa4 a6 9. N1c3 Qc5 10. O-O Rb8 11. Bf4 axb5 12. Nxb5 Nd6 13. Rac1 Qxb5 14. Qa7
g5 15. Be3 Ne7 16. Qxb8 Qe5 17. Rc5 1-0

[Event "Czech Open A 2013"]
[Site "Pardubice CZE"]
[Date "2013.07.21"]
[Round "3.17"]
[White "Vorobiov,E"]
[Black "Westerberg,J"]
[Result "1-0"]
[WhiteElo "2585"]
[BlackElo "2410"]
[EventDate "2013.07.19"]

1. d4 Nf6 2. c4 e6 3. Nf3 Bb4+ 4. Nbd2 b6 5. a3 Bxd2+ 6. Qxd2 Bb7 7. e3 O-O 8.
Be2 d6 9. b4 Nbd7 10. Bb2 Ne4 11. Qc2 f5 12. O-O Qe7 13. Rad1 Ng5 14. Nxg5 Qxg5
15. d5 Qg6 16. f4 Nf6 17. Rf3 Rae8 18. Rg3 Qf7 19. Bd3 Nh5 20. Rg5 g6 21. g4 h6
22. Rxh5 gxh5 23. gxf5 e5 24. fxe5 dxe5 25. Kh1 Kh8 26. e4 Kh7 27. c5 Rg8 28. c6
Bc8 29. Qf2 Rg4 30. Bc1 Reg8 31. Be3 Qf6 32. Qf3 Qh4 33. Bf2 Qg5 34. Be3 Qh4 35.
Bf2 Qg5 36. Qh3 h4 37. Be3 Qd8 38. Qf3 h3 39. Qxh3 Qf6 40. Rg1 Rxg1+ 41. Bxg1
Rg7 42. Be3 Rg8 43. Be2 Rg7 44. Qh5 Rg8 45. b5 Rg7 46. Bg4 Qd6 47. h3 Rg8 48.
Kg2 Qf6 49. Kf3 Qf8 50. Qh4 Qd6 51. Kf2 Qf8 52. a4 Qd6 53. f6 1-0

[Event "Czech Open A 2013"]
[Site "Pardubice CZE"]
[Date "2013.07.21"]
[Round "3.18"]
[White "Rojicek,V"]
[Black "Oleksienko,M"]
[Result "1-0"]
[WhiteElo "2413"]
[BlackElo "2568"]
[EventDate "2013.07.19"]

1. d4 Nf6 2. c4 e6 3. Nc3 Bb4 4. e3 O-O 5. Bd3 d5 6. Nf3 c5 7. O-O cxd4 8. exd4
dxc4 9. Bxc4 Bxc3 10. bxc3 Nbd7 11. Bd3 Qc7 12. c4 b6 13. Re1 Ba6 14. Ne5 Nxe5
15. dxe5 Nd7 16. Re3 Nxe5 17. Bxh7+ Kxh7 18. Qh5+ Kg8 19. Rh3 f6 20. Qh7+ Kf7
21. Rg3 Rg8 22. Bh6 Ke7 23. Bxg7 Nf7 24. Bxf6+ Kxf6 25. Rf3+ Ke5 26. Qd3 1-0

[Event "Czech Open A 2013"]
[Site "Pardubice CZE"]
[Date "2013.07.21"]
[Round "3.19"]
[White "Piorun,K"]
[Black "Ponizil,C"]
[Result "0-1"]
[WhiteElo "2566"]
[BlackElo "2402"]
[EventDate "2013.07.19"]

1. e4 c5 2. Nf3 d6 3. Nc3 Nc6 4. d4 cxd4 5. Nxd4 Nf6 6. Bg5 e6 7. Qd2 a6 8.
O-O-O Bd7 9. f4 h6 10. Bh4 g5 11. fxg5 Ng4 12. Nf3 Be7 13. Kb1 Nge5 14. Be2 hxg5
15. Bf2 b5 16. h3 Qa5 17. Nxe5 Nxe5 18. a3 Bc6 19. Qd4 Qc7 20. Rhf1 Rb8 21. Bg3
a5 22. Qf2 f6 23. Bxe5 dxe5 24. Nd5 exd5 25. exd5 Bd7 26. d6 Qb6 27. dxe7 Qxf2
28. Rxf2 Kxe7 29. Rd5 Rh4 30. g3 Re4 31. Kc1 Re3 32. Bf3 Bxh3 33. Rc5 e4 34. Bg2
Bxg2 35. Rxg2 Kd6 36. Rf5 Rf3 37. Rd2+ Ke6 38. Rxf3 exf3 39. g4 Ke5 0-1

[Event "Czech Open A 2013"]
[Site "Pardubice CZE"]
[Date "2013.07.21"]
[Round "3.20"]
[White "Geller,J"]
[Black "Druska,J"]
[Result "1/2-1/2"]
[WhiteElo "2549"]
[BlackElo "2385"]
[EventDate "2013.07.19"]

1. e4 e5 2. Nf3 Nc6 3. Bb5 a6 4. Ba4 Nf6 5. O-O Nxe4 6. d4 b5 7. Bb3 d5 8. dxe5
Be6 9. c3 Bc5 10. Nbd2 O-O 11. Qe2 Bf5 12. a4 b4 13. Nxe4 dxe4 14. Ng5 Nxe5 15.
Nxe4 Qd3 16. Qxd3 Nxd3 17. Nxc5 Nxc5 18. Bc4 bxc3 19. bxc3 Bd3 20. Bxd3 Nxd3 21.
Be3 Rfd8 22. Rfb1 Rab8 23. Kf1 f6 24. Rxb8 Rxb8 25. Rd1 Ne5 26. Bf4 Kf8 27. Bxe5
fxe5 28. Rd7 Rb1+ 29. Ke2 Ra1 30. Rxc7 Rxa4 31. Ke3 Ra2 32. c4 a5 33. c5 a4 34.
Ke4 Rxf2 35. Ra7 Ke8 36. g3 Rxh2 37. Kxe5 Kd8 38. Rxa4 Rh5+ 39. Kd6 Rh6+ 40. Kd5
Rg6 41. g4 Kd7 42. Ra7+ Kc8 43. c6 Rxg4 44. Kd6 Rg6+ 45. Kc5 Rg1 46. Kb6 1/2-1/2

[Event "Czech Open A 2013"]
[Site "Pardubice CZE"]
[Date "2013.07.21"]
[Round "3.21"]
[White "Karavade,E"]
[Black "Gonda,L"]
[Result "1/2-1/2"]
[WhiteElo "2398"]
[BlackElo "2538"]
[EventDate "2013.07.19"]

1. Nf3 c5 2. c4 Nc6 3. Nc3 g6 4. e3 Bg7 5. d4 d6 6. Be2 Nf6 7. d5 Na5 8. O-O O-O
9. h3 e5 10. Nd2 b6 11. b3 Nd7 12. Bb2 f5 13. Qc2 e4 14. Rae1 Ne5 15. f3 exf3
16. Nxf3 Bd7 17. Nb1 Qe7 18. Nbd2 Rae8 19. Nxe5 Bxe5 20. Bd3 Qg7 21. Bc1 Bc3 22.
Re2 Nb7 23. Nf3 Nd8 24. Bd2 Bxd2 25. Qxd2 Nf7 26. e4 Ne5 27. Nxe5 dxe5 28. Ref2
f4 29. Be2 Rf6 30. Qd1 h5 31. g4 g5 32. Kg2 h4 33. Kf3 Rb8 34. Bd3 a6 35. Rc2
Qe7 36. Qe2 Rff8 37. Rb1 Rfc8 38. Qd2 a5 39. a4 1/2-1/2

[Event "Czech Open A 2013"]
[Site "Pardubice CZE"]
[Date "2013.07.21"]
[Round "3.22"]
[White "Mirzoev,A"]
[Black "Arngrimsson,D"]
[Result "1/2-1/2"]
[WhiteElo "2536"]
[BlackElo "2384"]
[EventDate "2013.07.19"]

1. d4 d5 2. c4 c6 3. Nf3 Nf6 4. Qc2 dxc4 5. Qxc4 Bf5 6. g3 e6 7. Bg2 Nbd7 8. Nc3
Be7 9. Qb3 Qb6 10. Nd2 Bg6 11. Nc4 Qb4 12. Qxb4 Bxb4 13. a3 Be7 14. Bf4 Nd5 15.
Nxd5 cxd5 16. Na5 Bf6 17. e3 b6 18. Nc6 O-O 19. Kd2 Rfc8 20. Nb4 a5 21. Nd3 Bxd3
22. Kxd3 g5 23. Be5 Bxe5 24. dxe5 Nxe5+ 25. Kd4 Nc4 26. Rab1 e5+ 27. Kd3 e4+ 28.
Kd4 Nd2 29. Rbd1 Rc2 30. h4 Re8 31. b4 g4 32. Kxd5 Rd8+ 33. Ke5 Nc4+ 34. Kxe4
f5+ 35. Kxf5 Rxf2+ 36. Kg5 Rxd1 37. Rxd1 Rxg2 38. bxa5 bxa5 39. Rd8+ Kf7 40.
Kxg4 Rd2 41. Ra8 Nxe3+ 42. Kf4 Nc4 43. g4 Rd7 44. Kg5 Kg7 45. Kh5 Rd5+ 46. g5
Rd7 47. a4 Rf7 48. Ra6 Rb7 49. Ra8 Rd7 50. Ra6 Rc7 51. Ra8 Re7 52. Ra6 Re4 53.
Ra7+ Kg8 54. Ra8+ Kf7 55. Ra7+ Ke6 56. Rxh7 Ne5 57. Rh6+ Kd5 58. Ra6 Rxa4 59. g6
Nf3 60. g7 Rxh4+ 61. Kg6 Rg4+ 62. Kf6 Ne5 63. Rxa5+ Kd6 64. Rxe5 Rxg7 65. Kxg7
Kxe5 1/2-1/2

[Event "Czech Open A 2013"]
[Site "Pardubice CZE"]
[Date "2013.07.21"]
[Round "3.23"]
[White "Mazur,Ste"]
[Black "Petr,Ma"]
[Result "0-1"]
[WhiteElo "2409"]
[BlackElo "2523"]
[EventDate "2013.07.19"]

1. e4 e6 2. d4 d5 3. Nc3 dxe4 4. Nxe4 Bd7 5. Nf3 Bc6 6. Bd3 Nd7 7. Qe2 Be7 8.
Bb5 Bxe4 9. Qxe4 c6 10. Bd3 Ngf6 11. Qh4 h6 12. O-O Qc7 13. Bf4 Bd6 14. Bxd6
Qxd6 15. Rad1 O-O-O 16. Rfe1 g5 17. Qg3 Qxg3 18. hxg3 Nd5 19. c4 Ne7 20. b4 Kc7
21. Be4 g4 22. Ne5 Nxe5 23. dxe5 Rhg8 24. Bc2 h5 25. Kf1 Rxd1 26. Rxd1 Rg5 27.
Re1 c5 28. b5 Nc8 29. Re4 Kd8 30. Rf4 Ke7 31. Be4 Rxe5 32. Bxb7 Nd6 33. Bc6 Rg5
34. Re4 Nxe4 35. Bxe4 f5 36. Bc6 Rg8 37. a4 Kd6 38. a5 Kc7 39. Ke2 Rd8 0-1